00646nam a2200193 a 4500003000500000005001700005008004100022020002300063040001400086041000600100082002200106100002400128245006800152260003700220300002800257490003200285650008900317650004600406322820260520111526.0221021s9999 xx o j 001 0 und d a9781422230282qhbk aMPLc3228 2E 0aJ 618.928589 BRIN aBrinkerhoff Shirley 0aAttention deficit hyperactivity disorder/cShirley Brinkerhoff. aBroomall;bMason Crest;c©2015. a128 pages;bPhotograph; aLiving with a special need. vPeople with disabilities- Juvenile literaturexADHD in children- Juvenile literature vHyperactive children- Juvenile literature